Les 4 premiers postes au Championnat d'Europe de football - Statistiques

Statistiques générales
  • Ce quiz a été pris 173 fois
    88 depuis la dernière actualisation
  • Le résultat moyen est 62 sur 68
Statistiques - réponses
Année Position Équipe % Correct
1960 Quatrième place France
98%
1984 Première place France
98%
1996 Troisième place France
98%
2000 Première place France
98%
2016 Deuxième place France
98%
2024 Troisième place France
98%
1996 Première place Allemagne
97%
2008 Deuxième place Allemagne
97%
2012 Troisième place Allemagne
97%
2016 Troisième place Allemagne
97%
1972 Première place Allemagne de l'Ouest
97%
1976 Deuxième place Allemagne de l'Ouest
97%
1980 Première place Allemagne de l'Ouest
97%
1988 Troisième place Allemagne de l'Ouest
97%
1992 Deuxième place Allemagne de l'Ouest
97%
1968 Troisième place Angleterre
97%
1996 Troisième place Angleterre
97%
2020 Deuxième place Angleterre
97%
2024 Deuxième place Angleterre
97%
1964 Première place Espagne
97%
1984 Deuxième place Espagne
97%
2008 Première place Espagne
97%
2012 Première place Espagne
97%
2020 Troisième place Espagne
97%
2024 Première place Espagne
97%
1984 Troisième place Portugal
97%
2000 Troisième place Portugal
97%
2004 Deuxième place Portugal
97%
2012 Troisième place Portugal
97%
2016 Première place Portugal
97%
1968 Première place Italie
95%
1980 Quatrième place Italie
95%
1988 Troisième place Italie
95%
2000 Deuxième place Italie
95%
2012 Deuxième place Italie
95%
2020 Première place Italie
95%
1976 Troisième place Pays-Bas
92%
1988 Première place Pays-Bas
92%
1992 Troisième place Pays-Bas
92%
2000 Troisième place Pays-Bas
92%
2004 Troisième place Pays-Bas
92%
2024 Troisième place Pays-Bas
92%
1960 Première place Union soviétique
92%
1964 Deuxième place Union soviétique
92%
1968 Quatrième place Union soviétique
92%
1972 Deuxième place Union soviétique
92%
1988 Deuxième place Union soviétique
92%
2004 Première place Grèce
91%
1972 Troisième place Belgique
89%
1980 Deuxième place Belgique
89%
1960 Deuxième place Yougoslavie
89%
1968 Deuxième place Yougoslavie
89%
1976 Quatrième place Yougoslavie
89%
1992 Troisième place Suède
86%
1964 Quatrième place Danemark
85%
1984 Troisième place Danemark
85%
1992 Première place Danemark
85%
2020 Troisième place Danemark
85%
2008 Troisième place Turquie
79%
1964 Troisième place Hongrie
77%
1972 Quatrième place Hongrie
77%
2016 Troisième place Pays de Galles
74%
2008 Troisième place Russie
74%
1996 Deuxième place République Tchèque
65%
2004 Troisième place République Tchèque
65%
1960 Troisième place Tchécoslovaquie
61%
1976 Première place Tchécoslovaquie
61%
1980 Troisième place Tchécoslovaquie
61%
Aucun quiz correspondant
Distribution des résultats
% des personnes avec chaque résultat
Percentile par nombre de réponses
Votre historique - résultats
Vous n’avez pas pris ce quiz depuis la dernière actualisation